Architecture and the environment : (Record no. 3115)
[ view plain ]
| 000 -LEADER | |
|---|---|
| fixed length control field | 00803nac a22001811u 4500 |
| 020 ## - INTERNATIONAL STANDARD BOOK NUMBER | |
| International Standard Book Number | 1856691039 |
| 082 ## - DEWEY DECIMAL CLASSIFICATION NUMBER | |
| Classification number | 720.47 |
| Item number | J762 |
| 090 ## - LOCALLY ASSIGNED LC-TYPE CALL NUMBER (OCLC); LOCAL CALL NUMBER (OCLC) | |
| -- | 3115 |
| -- | 3115 |
| 100 ## - MAIN ENTRY--PERSONAL NAME | |
| Personal name | Jones, David Lloyd |
| 245 ## - TITLE STATEMENT | |
| Title | Architecture and the environment : |
| Remainder of title | bioclimatic building design / |
| Statement of responsibility, etc | David Lloyd Jones ; co-ordinating researcher Jennifer Hudson. |
| 260 ## - PUBLICATION, DISTRIBUTION, ETC. (IMPRINT) | |
| Place of publication, distribution, etc | London : |
| Name of publisher, distributor, etc | Laurence King, 1998. |
| 300 ## - PHYSICAL DESCRIPTION | |
| Extent | 256p. : |
| Other physical details | ill. (some col.), plans ; |
| Dimensions | 29cm. |
| 504 ## - BIBLIOGRAPHY, ETC. NOTE | |
| Bibliography, etc | Includes bibliography: p252-253 and index. |
| 650 ## - SUBJECT ADDED ENTRY--TOPICAL TERM | |
| Topical term or geographic name as entry element | Architecture |
| General subdivision | Environmental aspects. |
| 650 ## - SUBJECT ADDED ENTRY--TOPICAL TERM | |
| Topical term or geographic name as entry element | Architecture, Modern |
| Chronological subdivision | 20th century. |
| 942 ## - ADDED ENTRY ELEMENTS (KOHA) | |
| Item type | Book - Borrowing |
| Call number prefix | 720.47 J762 |
| Withdrawn status | Item status | Damaged status | Not for loan | Home library | Current library | Shelving location | Date acquired | Source of acquisition | Total Checkouts | Total Renewals | Full call number | Barcode | Date last seen | Date last borrowed | Koha item type |
|---|---|---|---|---|---|---|---|---|---|---|---|---|---|---|---|
| Central Library | Central Library | Second Floor | 21/03/2007 | Purchase | 13 | 34 | 720.47 JON | 000001461 | 15/07/2025 | 14/09/2021 | Book - Borrowing |